000 00417nam a2200181Ia 4500
001 19708
005 20260306172712.0
008 260306t2012||||xx |||||||||||||| ||spa||
041 _aESP
082 _a341
_bH71
100 _aHolmes, Oliver Wendell
_eAUT
245 0 _aLa senda del derecho
260 _c2012
300 _a91 páginas :
_c21 cm.
650 _aGEN
654 _aCDE
942 _cLIB
_dJUS
_fJUS
_2ddc
_n
999 _c19708
_d19708